| 000 | 00714nam a22002057a 4500 | ||
|---|---|---|---|
| 003 | MX-MxUPN | ||
| 005 | 20250605130418.0 | ||
| 008 | 250605s2007 mx|od||fr|||| 000 0 spa d | ||
| 040 |
_aMX-MxUPN _bspa |
||
| 041 | 0 | _aspa | |
| 050 | 4 |
_aLE7.3713 _bE177 C47 2007 |
|
| 110 | 2 |
_aCentro de Enseñanza Técnica Industrial (Jalisco) _956830 |
|
| 245 | 1 | 0 | _a1er Informe de actividades |
| 250 | _aPrimera edición | ||
| 260 |
_aGuadalajara, Jalisco : _bCentro de Enseñanza Técnica Industrial, _cc2007 |
||
| 300 |
_a81 páginas : _bfotografías, gráficas + _e1 folleto |
||
| 610 | 2 | 2 |
_aCENTRO DE ENSEÑANZA TECNICA INDUSTRIAL (JALISCO) - _vINFORMES _927477 |
| 902 | _bVíctorGodínez/050625 | ||
| 942 |
_2lcc _cLIBRO |
||
| 999 |
_c213431 _d213431 |
||